000 00418nam a2200169Ia 4500
003 LK-CoDNM
008 010623t1968 xxu||||| |||| 00| 1 eng d
040 _aLK-CoDNM
_dLK-CoDNM
_eLK-CoDNM
041 _aeng
080 _a771.44
_bNUR
100 _aNurnberg, Walter
245 _aLighting for photography
260 _bThe focal press
_aLondon
_c1968
300 _b209, 25 cm
650 _aPhotography
942 _cBK
999 _c107521
_d107521